List of international organizations (with map) - Statistics

General Stats
  • This quiz has been taken 193 times
  • The average score is 7 of 16
Answer Stats
Picture Answer % Correct
NATO
95%
European Union
84%
ASEAN
68%
BRICS
68%
Commonwealth
63%
Benelux
59%
NAFTA
58%
Arab League
57%
G20
36%
Mercosur
36%
CIS
30%
Nordic Council
21%
CARICOM
16%
Andean Community
12%
SADC
10%
Shanghai Cooperation
10%
No matching quizzes found
Score Distribution
Percent of People with Each Score
Percentile by Number Answered
Your Score History
You have not taken this quiz